000 00288nam a22001337a 4500
008 181207b xxu||||| |||| 00| 0 eng d
020 _a0194694112
041 _aeng
080 _a510
100 _a39
101 _aMAT
245 _aIntermediate Algebra
_cSilver.H.A
942 _2udc
_cBK
999 _c52995
_d52995